Brief calculus & its applications. (Record no. 25197)

MARC details
000 -LEADER
fixed length control field 01034cam a2200301 a 4500
001 - CONTROL NUMBER
control field 15580388
003 - CONTROL NUMBER IDENTIFIER
control field OSt
005 - DATE AND TIME OF LATEST TRANSACTION
control field 20250923105513.0
008 - FIXED-LENGTH DATA ELEMENTS--GENERAL INFORMATION
fixed length control field 090109s2010 njua 001 0 eng
010 ## - LIBRARY OF CONGRESS CONTROL NUMBER
LC control number 2009000253
020 ## - INTERNATIONAL STANDARD BOOK NUMBER
International Standard Book Number 9780321568564
020 ## - INTERNATIONAL STANDARD BOOK NUMBER
International Standard Book Number 0321568567
040 ## - CATALOGING SOURCE
Original cataloging agency DLC
Transcribing agency DLC
Modifying agency DLC
050 00 - LIBRARY OF CONGRESS CALL NUMBER
Classification number QA303.2
Item number GOL 2010
082 00 - DEWEY DECIMAL CLASSIFICATION NUMBER
Classification number 515
Edition number 22
100 ## - MAIN ENTRY--PERSONAL NAME
Personal name Goldstein, Larry J.
245 00 - TITLE STATEMENT
Title Brief calculus & its applications.
246 3# - VARYING FORM OF TITLE
Title proper/short title Brief calculus and its applications
250 ## - EDITION STATEMENT
Edition statement 12th ed. /
Remainder of edition statement Larry J. Goldstein ... [et al.].
260 ## - PUBLICATION, DISTRIBUTION, ETC. (IMPRINT)
Place of publication, distribution, etc. Upper Saddle River, NJ :
Name of publisher, distributor, etc. Prentice Hall,
Date of publication, distribution, etc. c2010.
300 ## - PHYSICAL DESCRIPTION
Extent xiv, 456, 29, 4 p. :
Other physical details ill. (chiefly col.) ;
Dimensions 26 cm.
500 ## - GENERAL NOTE
General note Includes index.
650 #0 - SUBJECT ADDED ENTRY--TOPICAL TERM
Topical term or geographic name as entry element Calculus
Form subdivision Textbooks.
700 1# - ADDED ENTRY--PERSONAL NAME
Personal name Goldstein, Larry Joel.
906 ## - LOCAL DATA ELEMENT F, LDF (RLIN)
a 7
b cbc
c orignew
d 1
e ecip
f 20
g y-gencatlg
942 ## - ADDED ENTRY ELEMENTS (KOHA)
Source of classification or shelving scheme Library of Congress Classification
Koha item type Books in General collection
Holdings
Withdrawn status Lost status Source of classification or shelving scheme Damaged status Not for loan Home library Current library Date acquired Total Checkouts Full call number Barcode Date last seen Copy number Price effective from Koha item type
    Library of Congress Classification     Mzuni ODeL- Lilongwe Satellite Centre Library Mzuni ODeL- Lilongwe Satellite Centre Library 23/09/2025   QA 303 GOL 2010 mZUlm-034683 23/09/2025 034683 23/09/2025 Books in General collection